000 02245nam a22002777a 4500
003 UA-OsUOA
001 124073
007 ta
008 20170724b un ||||| |||| 00| 0 ukr d
100 _aПимонов В. А.
090 _a343.2/.7(470+571)
_bП32
942 _cBK
040 _aUA-OsUOA
_brus
_cUA-OsUOA
_dUA-OsUOA
245 _aТеоретические и прикладные проблемы борьбы с общественно опасными посягательствами средствами уголовного права
_bмонография
300 _a336 с.
955 _a1
041 _arus
080 _a343.2/.7(470+571)
020 _a978-5-93295-290-0
520 3 _aВ монографии рассматриваются проблемы криминологической и социальной обоснованности борьбы с деяниями, предусмотренными УК РФ, не содержащими всех признаков состава преступления, но причиняющими либо создающими угрозу причинения реального вреда охра
520 3 _aняемым уголовным законом интересам. Содержатся конкретные рекомендации по совершенствованию ряда норм действующего УК РФ. При этом автор стремился в максимальной степени использовать собственный опыт работы в качестве офицера ОВД. Монография окажется п
520 3 _aолезной в научном, а также в учебном процессе при преподавании курсов «Уголовное право», «Криминология», а также ряда спецкурсов. Рассчитана на широкий круг читателей, интересующихся проблемами уголовно-правовой науки.
260 _aМ.
_bЮрлитинформ
_c2007
650 7 _a343 Кримінальне право. Карні порушення
_2UDC
999 _c411299
_d411299